| 000 | 01653nam a2200385 a 4500 | ||
|---|---|---|---|
| 005 | 20160215121206.0 | ||
| 008 | 130207s2012 ck a gr 00010 spa d | ||
| 020 | _a9789587611984 | ||
| 040 |
_aCO-BoBLA _cCO-BoBLA _dCO-BoIAVH |
||
| 041 | 0 | _aspa | |
| 044 | _ack | ||
| 082 | 0 | 4 |
_a574.52 _bM33a4 |
| 245 | 1 | 0 |
_aBosque del Agüil (Aguachica, Cesar), biodiversidad, educación ambiental y conservación / _ceditor J. Orlando Rangel-Ch. ; Orlando Rivera-D. ... [y otros 9]. |
| 260 |
_aBogotá : _bUniversidad Nacional de Colombia. Facultad de Ciencias. Instituto de Ciencias Naturales : _bCorpocesar, _c2012. |
||
| 300 |
_a74 páginas : _bilustraciones ; _c24 x 16 cm. |
||
| 490 | 0 |
_aColombia. Diversidad biótica ; _v4 |
|
| 504 | _aIncluye bibliografía. | ||
| 650 | 6 |
_aBiodiversidad _z Aguachica (Cesar, Colombia) |
|
| 650 | 6 |
_aFauna _z Aguachica (Cesar, Colombia) |
|
| 650 | 6 |
_aFlora _z Aguachica (Cesar, Colombia) |
|
| 650 | 6 |
_aEducación ambiental _z Aguachica (Cesar, Colombia) |
|
| 650 | 4 |
_aConservación de los recursos _z Aguachica (Cesar, Colombia) |
|
| 700 | 1 |
_aRangel Ch., J. Orlando, _eeditor |
|
| 700 | 1 | _aRivera-Díaz, Orlando. | |
| 700 | 1 | _aRincón-Espitia, Angélica | |
| 700 | 1 | _aArellano-Peña, Henry | |
| 700 | 1 | _aCarvajal-Cogollo, Juan E. | |
| 700 | 1 | _aÁvila de Navia, Sara | |
| 700 | 1 | _aEstupiñan Torres, Mónica | |
| 700 | 1 | _aÁlvarez-Silva, Juan Pablo | |
| 700 | 1 | _aArdila-Reyes, Magaly | |
| 700 | 1 | _aGarcía-Castillo, Francisco | |
| 700 | 1 | _aGarcía-G, Juan Diego | |
| 942 |
_2ddc _cLIBRO |
||
| 999 |
_c18134 _d18134 |
||